000 00299nam a22001337a 4500
008 170906b xxu||||| |||| 00| 0 eng d
020 _a9780442207618
041 _aeng
080 _a72
100 _a41
101 _aARK
245 _aARCHITECTURAL LIGHTING DESIGN
_cSTEFFY, G.R
942 _2udc
_cBK
999 _c26309
_d26309